Every Canon Jedi - Statistics

General Stats
  • This quiz has been taken 1,564 times
  • The average score is 22 of 92
Answer Stats
First apperance Jedi Name % Correct
Episode 1 Obi-Wan Kenobi
96%
Episode 1 Yoda
96%
Episode 1 Anakin Skywalker
94%
Episode 1 Mace WIndu
94%
Episode 4 Luke Skywalker
87%
Episode 1 Qui-Gon Jinn
86%
Episode 2 Kit Fisto
82%
Episode 1 Ki-Adi-Mundi
80%
Episode 1 Plo Koon
79%
Clone Wars Ahsoka Tano
71%
Episode 2 Shaak Ti
66%
Episode 1 Yaddle
65%
Episode 2 Aayla Secura
63%
Episode 2 Count Dooku
62%
Episode 2 Luminara Unduli
59%
Rebels Ezra Bridger
54%
Rebels Kanan Jarrus
53%
Episode 2 Barriss Offee
51%
Episode 1 Eeth Koth
45%
Episode 1 Quinlan Vos
41%
Episode 1 Adi Gallia
39%
Episode 2 Agen Kolar
36%
Episode 1 Even Piell
35%
Episode 1 Saesee Tiin
34%
Episode 1 Yarael Poof
34%
Clone Wars Pong Krell
33%
Clone Wars Asajj Ventress
32%
Episode 2 Jocasta Nu
32%
Episode 1 Depa Billaba
30%
Episode 1 Oppo Rancisis
30%
Episode 2 Stass Allie
30%
Clone Wars Ima-Gun Di
27%
Episode 2 Sifo-Dyas
23%
Episode 2 Colemon Trebor
22%
Clone Wars Nahdar Vebb
21%
Clone Wars Tiplar
16%
Clone Wars Gungi
15%
Clone Wars Tiplee
15%
Clone Wars Tera Sinube
14%
Clone Wars Cin Drallig
13%
Episode 2 Bultar Swan
12%
Clone Wars Bolla Ropal
11%
Clone Wars Colemon Kcaj
11%
Clone Wars Hal Sey
10%
Episode 2 Pablo-Jill
10%
Episode 2 Zett Jukassa
10%
Clone Wars Knox
9%
Clone Wars Katooni
8%
Clone Wars Ord Enisence
8%
Clone Wars Petro
8%
Episode 3 Bene
7%
Clone Wars Byph
7%
Clone Wars Ky Narec
7%
Clone Wars Zatt
7%
Clone Wars Ganodi
6%
Clone Wars Kalifa
6%
Episode 2 Sora Bulq
6%
Clone Wars Finn Ertay
5%
Episode 2 Sar Labooda
5%
Episode 2 Tarados Gon
5%
Dark Disciple Tholme
5%
Episode 3 Whie
5%
Dark Disciple Akar-Deshu
4%
Episode 2 Bairdon Jace
4%
Clone Wars Eekar Oki
4%
Clone Wars Jinx
4%
Clone Wars O-Mer
4%
Clone Wars Rig Nema
4%
Clone Wars Tu-Anh
4%
Episode 2 Fi-Ek Sirch
3%
Heir To The Jedi Huulik
3%
Episode 2 Joclad Danva
3%
Dark Disciple Kav Bayons
3%
Episode 2 Nicanas Tassu
3%
Star Wars 9 (comic) Phin-Law Wo
3%
Episode 2 Que-Mars Redath-Gom
3%
Episode 2 Roth-Del Masona
3%
Episode 2 Sarissa Jeng
3%
Episode 2 Sephjet Josall
3%
Episode 2 Tan Yuster
3%
Clone Wars Thongla Jur
3%
The End Of History Uvell
3%
Episode 2 Ekim Ryelli
2%
Clone Wars Farn Klin
2%
Episode 2 Ichi-Tan Micoda
2%
Episode 2 Khaat Qiyn
2%
Episode 2 Lumas Etima
2%
Clone Wars Ran Deezy
2%
Episode 2 Roan Shryne
2%
Clone Wars Roo-Roo Page
2%
Clone Wars Wee Dunn
2%
Clone Wars Zinn Toa
2%
No matching quizzes found
Score Distribution
Percent of People with Each Score
Percentile by Number Answered
Your Score History
You have not taken this quiz